[Event "Millionaire Chess Open 2014"]
[Site "Las Vegas USA"]
[Date "2014.10.09"]
[Round "2.2"]
[White "Bu, Xiangzhi"]
[Black "Chandra, Akshat"]
[Result "1-0"]
[WhiteTitle "GM"]
[BlackTitle "IM"]
[WhiteElo "2710"]
[BlackElo "2488"]
[WhiteFideId "8601445"]
[BlackFideId "25006711"]
[EventDate "2014.10.09"]

1. Nf3 c5 2. c4 Nc6 3. d4 cxd4 4. Nxd4 Nf6 5. Nc3 e6 6. a3 Bc5 7. Nb3 Be7 8. e4
O-O 9. Be2 b6 10. O-O Ba6 11. f4 d6 12. Be3 Rc8 13. Rc1 Nb8 14. Nd2 d5 15. cxd5
exd5 16. Bxa6 Nxa6 17. Nxd5 Nxd5 18. Rxc8 Qxc8 19. exd5 Nc7 20. Ne4 Rd8 21. d6
Bxd6 22. Nxd6 Qe6 23. Qf3 Qxd6 24. f5 Qd3 25. f6 Re8 26. Bg5 Qxf3 27. Rxf3 h6
28. Bd2 Rd8 29. Bc3 g5 30. h4 Nd5 31. Be5 Re8 32. Bg3 Re6 33. hxg5 hxg5 34. Rf5
Nxf6 35. Rxg5+ Kf8 36. Rf5 Ne4 37. Bb8 a6 38. a4 Nc5 39. a5 Nd7 40. Ba7 bxa5 41.
Rxa5 Ne5 42. Bd4 Nd7 43. Kf2 Ke7 44. Kf3 Nb8 45. Rd5 Nd7 46. Bc3 Rc6 47. Ra5 Ke6
48. Bd4 Rd6 49. Ke3 f6 50. Ke4 Nb8 51. Rh5 Nc6 52. Bc3 Ne7 53. g4 Rd5 54. Kf3
Rd3+ 55. Ke4 Rd5 56. Rh6 Ng8 57. Rh7 Rg5 58. Kf3 Ne7 59. Rh6 Ng6 60. Rh5 Ne7 61.
Bd2 Rb5 62. Bc3 Rg5 63. Bd2 Rb5 64. b4 Nc6 65. Bc3 Rb7 66. Rh6 Nxb4 67. Rxf6+
Ke7 68. Rh6 Rb5 69. g5 Nd5 70. Be5 Nb4 71. Ke4 Nc2 72. Rxa6 Rb4+ 73. Kd3 Nd4 74.
Ke4 Ne6+ 75. Kf5 Nd4+ 76. Kg6 Nf3 77. Bd6+ Kd7 78. Bxb4 Kc7 79. Kf5 Kb7 80. Rf6 1-0

[Event "Millionaire Chess Open 2014"]
[Site "Las Vegas USA"]
[Date "2014.10.09"]
[Round "2.3"]
[White "Wan, Yunguo"]
[Black "Le, Quang Liem"]
[Result "1-0"]
[WhiteTitle "IM"]
[BlackTitle "GM"]
[WhiteElo "2489"]
[BlackElo "2706"]
[WhiteFideId "8603189"]
[BlackFideId "12401137"]
[EventDate "2014.10.09"]

1. e4 c5 2. Nf3 e6 3. d4 cxd4 4. Nxd4 Nc6 5. Nc3 Qc7 6. Be2 a6 7. O-O Nf6 8. Be3
Be7 9. f4 d6 10. a4 O-O 11. Kh1 Re8 12. Bd3 Bd7 13. Qe1 Rac8 14. Qg3 Nh5 15. Qf3
Nf6 16. Qg3 Nb4 17. a5 Bf8 18. e5 Nfd5 19. Nxd5 Nxd5 20. Bd2 g6 21. Rae1 Bg7 22.
Nf3 Bc6 23. exd6 Qxd6 24. Ne5 Red8 25. b3 Nb4 26. Bxb4 Qxb4 27. Nxc6 Rxc6 28.
Rd1 Rcd6 29. Qf3 Bc3 30. g3 R8d7 31. Bc4 Bd4 32. Rxd4 Rxd4 33. c3 Qxa5 34. cxd4
b5 35. Be2 Rxd4 36. Rc1 Rd2 37. Qe3 Qa2 38. Rc8+ Kg7 39. Qe5+ Kh6 40. Qg5+ Kg7
41. Qe5+ Kh6 42. Rg8 f6 43. Qxe6 f5 44. Qe7 1-0

[Event "Millionaire Chess Open 2014"]
[Site "Las Vegas USA"]
[Date "2014.10.09"]
[Round "2.4"]
[White "Yu, Yangyi"]
[Black "Fishbein, Alexander"]
[Result "1-0"]
[WhiteTitle "GM"]
[BlackTitle "GM"]
[WhiteElo "2697"]
[BlackElo "2472"]
[WhiteFideId "8603820"]
[BlackFideId "2000377"]
[EventDate "2014.10.09"]

1. e4 c5 2. Nf3 d6 3. d4 cxd4 4. Nxd4 Nf6 5. Nc3 Nc6 6. Bg5 e6 7. Qd2 Be7 8.
O-O-O O-O 9. f4 h6 10. Bh4 Qb6 11. Nxc6 bxc6 12. e5 dxe5 13. fxe5 Ne4 14. Nxe4
Bxh4 15. Qf4 Be7 16. h4 Rb8 17. b3 Qa5 18. Kb1 Rb4 19. c3 Rb7 20. Bc4 Kh8 21. g4
f6 22. exf6 Bxf6 23. Rhf1 Rbf7 24. Qd6 Rd8 25. Qxd8+ Bxd8 26. Rxf7 Kg8 27. Rxa7
Qxa7 28. Rxd8+ Kf7 29. Rxc8 Qe3 30. Bxe6+ Ke7 31. Bf5 h5 32. Rxc6 hxg4 33. Rg6
Qf4 34. Rxg7+ Kf8 35. Rg5 Qf3 36. Kc2 g3 37. Nxg3 Qf2+ 38. Kb1 Qd2 39. Bc2 Qxc3
40. h5 Qe1+ 41. Kb2 Qe3 42. Ne4 Qd4+ 43. Nc3 1-0

[Event "Millionaire Chess Open 2014"]
[Site "Las Vegas USA"]
[Date "2014.10.09"]
[Round "2.5"]
[White "Kadric, Denis"]
[Black "Mamedov, Rauf"]
[Result "0-1"]
[WhiteTitle "IM"]
[BlackTitle "GM"]
[WhiteElo "2473"]
[BlackElo "2667"]
[WhiteFideId "14403803"]
[BlackFideId "13401653"]
[EventDate "2014.10.09"]

1. e4 g6 2. d4 Bg7 3. Nc3 a6 4. f4 b5 5. Nf3 d6 6. Bd3 e6 7. O-O Ne7 8. a4 b4 9.
Ne2 O-O 10. c3 a5 11. cxb4 axb4 12. Be3 Nd7 13. Qc2 Bb7 14. a5 c5 15. a6 Bc6 16.
Rfc1 Rc8 17. Qb1 d5 18. exd5 Nxd5 19. Bf2 Bh6 20. dxc5 Nxf4 21. Nxf4 Bxf3 22.
Be4 Bxf4 23. Bxf3 Ne5 24. Bb7 Ng4 25. Qe4 Bxh2+ 26. Kf1 Nxf2 27. Kxf2 Qf6+ 28.
Ke2 Rxc5 29. Rxc5 Qxb2+ 30. Rc2 Qxa1 31. Qxb4 Rd8 32. Rd2 Rxd2+ 33. Qxd2 Bg1 34.
Qc2 h5 35. Qc6 Kg7 36. Bc8 Qe5+ 37. Kd3 Qe3+ 38. Kc4 Qc1+ 39. Kb5 Qb2+ 40. Ka4
Be3 41. Qe4 Qd4+ 42. Qxd4+ Bxd4 43. Kb5 e5 44. Kc6 f5 45. Kd5 Kf6 0-1

[Event "Millionaire Chess Open 2014"]
[Site "Las Vegas USA"]
[Date "2014.10.09"]
[Round "2.6"]
[White "Dreev, Aleksey"]
[Black "Xiong, Jeffery"]
[Result "0-1"]
[WhiteTitle "GM"]
[BlackTitle "IM"]
[WhiteElo "2654"]
[BlackElo "2470"]
[WhiteFideId "4100107"]
[BlackFideId "2047640"]
[EventDate "2014.10.09"]

1. d4 Nf6 2. c4 g6 3. Nc3 d5 4. Nf3 Bg7 5. e3 O-O 6. Bd2 c5 7. dxc5 Na6 8. cxd5
Nxc5 9. Bc4 a6 10. a4 Bf5 11. O-O Rc8 12. Be1 Nfe4 13. Nd4 Nxc3 14. Bxc3 Ne4 15.
Bb3 Nxc3 16. bxc3 Rxc3 17. Nxf5 gxf5 18. Rb1 Qd7 19. Qe2 b5 20. axb5 Rb8 21. Ba4
axb5 22. Rfd1 Rc5 23. Bb3 Qd6 24. Qd3 Qe5 25. g3 Rc3 26. Qd2 Rbc8 27. Qe2 R8c5
28. Qf3 Qe4 29. Qxe4 fxe4 30. d6 exd6 31. Bd5 Rd3 32. Bxe4 Rxd1+ 33. Rxd1 b4 34.
Rxd6 Rb5 35. Rd8+ Bf8 36. Kg2 b3 37. Bb1 Kg7 38. Kf3 Be7 39. Rd7 Bf6 40. g4 Ra5
41. Rb7 b2 42. Ke2 Ra1 43. Be4 h6 44. h3 Bc3 45. h4 Re1+ 46. Kf3 Bf6 47. g5 hxg5
48. hxg5 Bxg5 49. Rxb2 Rd1 50. Kg4 Be7 51. Rb7 Kf6 52. Bc6 Rd6 53. Be8 Rd8 54.
Ba4 Rg8+ 55. Kf3 Ke6 56. Bb3+ Kd6 57. Ke4 Rg2 58. f4 Rb2 59. Kf5 f6 60. Rb6+ Kc7
61. Re6 Bc5 62. Bd5 Rb6 63. Re8 Rb8 64. Re4 Rb4 65. Bc4 Ra4 66. Kxf6 Ra3 67. Be6
Rxe3 68. Rc4 Kd6 69. f5 Rc3 70. Rg4 Rf3 71. Rh4 Rf1 72. Ra4 Rb1 73. Ra6+ Rb6 74.
Ra4 Rb4 75. Ra2 Bd4+ 76. Kg6 Rb2 77. Ra5 Rg2+ 78. Kf7 Rg7+ 79. Kf8 Bf6 80. Rd5+
Kc6 81. Rd1 Ra7 82. Bf7 Ra5 83. Be8+ Kc7 84. Bd7 Re5 85. Kf7 Bd8 86. Be6 Bh4 87.
Rd4 Bg5 88. Rg4 Be3 89. f6 Kd6 90. Ra4 Bb6 91. Ra6 Kc7 92. Ra8 Bc5 93. Rc8+ Kd6
94. Rd8+ Kc7 95. Rd7+ Kc6 96. Rd1 Re2 97. Bd5+ Kc7 98. Be6 Rf2 99. Rd5 Bb4 100.
Bf5 Kc6 101. Be4 Kb6 102. Ke6 Re2 103. Rd4 Bc5 104. Rc4 0-1

[Event "Millionaire Chess Open 2014"]
[Site "Las Vegas USA"]
[Date "2014.10.09"]
[Round "2.7"]
[White "Berczes, David"]
[Black "Akobian, Varuzhan"]
[Result "1/2-1/2"]
[WhiteTitle "GM"]
[BlackTitle "GM"]
[WhiteElo "2471"]
[BlackElo "2640"]
[WhiteFideId "722960"]
[BlackFideId "13300580"]
[EventDate "2014.10.09"]

1. d4 Nf6 2. c4 e6 3. Nf3 d5 4. g3 Bb4+ 5. Bd2 Be7 6. Bg2 O-O 7. O-O c6 8. Bf4
Nbd7 9. Nc3 Nh5 10. Bd2 Nhf6 11. Bf4 Nh5 12. Bd2 f5 13. e3 Nhf6 14. Ne2 Ne4 15.
Nf4 Ndf6 16. Be1 Bd6 17. Ne5 Qe7 18. Nfd3 Nd7 19. Rc1 a5 20. f3 Ng5 21. f4 Ne4
22. g4 Bxe5 23. fxe5 dxc4 24. Nf4 Nb6 25. Qe2 Bd7 26. Nh5 Kh8 27. Ng3 Nxg3 28.
Bxg3 Qg5 29. gxf5 exf5 30. Bf4 Qg6 31. Kh1 Be6 32. Rg1 Qf7 33. Rcf1 Nd5 34. Bg3
Qd7 35. Bh4 b5 36. Rf3 f4 37. e4 Ne3 38. Rxe3 fxe3 39. Qxe3 Rf7 40. h3 Raf8 41.
Rd1 Rf4 42. Bf6 R4xf6 43. exf6 Rxf6 44. d5 cxd5 45. exd5 Bf7 46. Qe5 Rd6 47. Rd4
h6 48. Kh2 a4 49. a3 Qd8 50. Rf4 Kg8 51. Kg1 Rg6 52. Rg4 Qb6+ 53. Qd4 Qxd4+ 54.
Rxd4 Kf8 55. d6 Ke8 56. Kf2 Kd7 57. Bc6+ Kd8 58. Bxb5 Rf6+ 59. Ke3 g5 60. Bxa4
h5 61. d7 Be6 62. Rd6 g4 63. hxg4 hxg4 64. Ra6 Rf3+ 65. Ke4 Bxd7 66. Bxd7 Kxd7
67. Rg6 Rb3 68. Rxg4 Rxb2 69. Kd4 Rb3 70. Kxc4 Rxa3 71. Kb4 Rd3 1/2-1/2

[Event "Millionaire Chess Open 2014"]
[Site "Las Vegas USA"]
[Date "2014.10.09"]
[Round "2.8"]
[White "Shankland, Samuel L"]
[Black "Krush, Irina"]
[Result "1-0"]
[WhiteTitle "GM"]
[BlackTitle "GM"]
[WhiteElo "2633"]
[BlackElo "2457"]
[WhiteFideId "2004887"]
[BlackFideId "2012782"]
[EventDate "2014.10.09"]

1. e4 e6 2. d4 d5 3. Nd2 c5 4. Ngf3 cxd4 5. exd5 Qxd5 6. Bc4 Qd7 7. O-O Nc6 8.
Nb3 a6 9. a4 Nf6 10. Qe2 Qc7 11. Rd1 Bd7 12. Nbxd4 Be7 13. Nxc6 Bxc6 14. Ne5 Be4
15. Bf4 Qc5 16. c3 Rd8 17. Rxd8+ Bxd8 18. Rd1 Bc7 19. b4 Qe7 20. Nd7 Bxf4 21.
Nxf6+ Qxf6 22. Qxe4 O-O 23. Rd7 Bb8 24. Rxb7 Qxc3 25. g3 Bd6 26. Kg2 a5 27. bxa5
Qxa5 28. Bxe6 Bc7 29. Bb3 Qc5 30. Rb5 Qd6 31. Qc4 Bb6 32. a5 Bd8 33. Qd5 Qf6 34.
Rb7 g6 35. a6 Bb6 36. Qf3 Qxf3+ 37. Kxf3 Bc5 38. a7 Kh8 39. Rb8 1-0

[Event "Millionaire Chess Open 2014"]
[Site "Las Vegas USA"]
[Date "2014.10.09"]
[Round "2.9"]
[White "Drozdowski, Kacper"]
[Black "Robson, Ray"]
[Result "1/2-1/2"]
[WhiteTitle "IM"]
[BlackTitle "GM"]
[WhiteElo "2458"]
[BlackElo "2628"]
[WhiteFideId "1136720"]
[BlackFideId "2023970"]
[EventDate "2014.10.09"]

1. e4 c5 2. Nf3 d6 3. d4 cxd4 4. Nxd4 Nf6 5. f3 e5 6. Nb3 d5 7. Bg5 d4 8. c3 Nc6
9. Bb5 Qb6 10. Qd3 Be7 11. cxd4 O-O 12. Bxc6 bxc6 13. dxe5 Ng4 14. Bxe7 Qf2+ 15.
Kd1 Qxg2 16. fxg4 Bxg4+ 17. Kc1 Qxh1+ 18. Kc2 Qxh2+ 19. N1d2 Rfe8 20. Bd6 Rad8
21. Qf1 Be6 22. Nd4 f6 23. Nxe6 Rxe6 24. Qc4 Re8 25. Rf1 Kh8 26. Qxc6 fxe5 27.
Qd7 Qh6 28. b4 Qg6 29. Bc5 h5 30. Rg1 Qf6 31. Rf1 Qg6 32. Rg1 Qf6 33. Rf1 1/2-1/2

[Event "Millionaire Chess Open 2014"]
[Site "Las Vegas USA"]
[Date "2014.10.09"]
[Round "2.10"]
[White "Gareev, Timur"]
[Black "Milovanovic, Rade"]
[Result "1-0"]
[WhiteTitle "GM"]
[BlackTitle "IM"]
[WhiteElo "2612"]
[BlackElo "2399"]
[WhiteFideId "14200937"]
[BlackFideId "922935"]
[EventDate "2014.10.09"]

1. d4 Nf6 2. c4 e6 3. Nc3 d5 4. cxd5 exd5 5. Bg5 Be7 6. e3 O-O 7. Bd3 c6 8. Qc2
Nbd7 9. Nge2 Re8 10. O-O Nf8 11. f3 h6 12. Bh4 Be6 13. Rad1 Rc8 14. Kh1 a6 15.
Qb1 c5 16. dxc5 Rxc5 17. Nd4 Qd7 18. Nf5 Bd8 19. Bf2 Rc8 20. Ne2 Ng6 21. Ned4
Ne5 22. Be2 Nc6 23. Bd3 Nb4 24. Be1 Nxd3 25. Qxd3 Bc7 26. Bc3 Be5 27. Ng3 Bxg3
28. hxg3 Qd6 29. Ne2 Bd7 30. g4 Bb5 31. Qd2 Qe7 32. Rf2 Qxe3 33. Qxe3 Rxe3 34.
Nf4 Bc6 35. Kg1 Rce8 36. Rfd2 Nd7 37. Kf2 R3e7 38. Nxd5 Bxd5 39. Rxd5 Ne5 40.
Kg3 Nc6 41. g5 hxg5 42. Rxg5 Ne5 43. Rd6 Kf8 44. Bb4 Nc6 45. Rxc6 bxc6 46. Ra5
Rb8 47. Rh5 1-0

[Event "Millionaire Chess Open 2014"]
[Site "Las Vegas USA"]
[Date "2014.10.09"]
[Round "2.11"]
[White "Bartholomew, John"]
[Black "Naroditsky, Daniel"]
[Result "1/2-1/2"]
[WhiteTitle "IM"]
[BlackTitle "GM"]
[WhiteElo "2446"]
[BlackElo "2601"]
[WhiteFideId "2019353"]
[BlackFideId "2026961"]
[EventDate "2014.10.09"]

1. d4 Nf6 2. c4 g6 3. Nc3 Bg7 4. e4 d6 5. f3 O-O 6. Nge2 a6 7. Be3 c6 8. c5 b5
9. cxd6 exd6 10. Qd2 Nbd7 11. Nf4 Bb7 12. Be2 c5 13. dxc5 dxc5 14. O-O Qe7 15.
Rad1 Rfd8 16. Qc2 Ne5 17. a4 b4 18. Nb1 Rxd1 19. Rxd1 Rc8 20. Nd2 Nfd7 21. Nc4
Nxc4 22. Bxc4 Ne5 23. Nd5 Bxd5 24. Rxd5 Nxc4 25. Qxc4 Bxb2 26. Qxa6 Qf8 27. Qc4
Bd4 28. Kf2 Bxe3+ 29. Kxe3 Rb8 30. Qxc5 Qh6+ 31. Kf2 b3 32. Qd6 Rc8 33. Qf6 Qc1
34. Rd7 Qc5+ 35. Kg3 Qf8 36. e5 Re8 37. Rb7 Rb8 38. Rd7 Re8 39. Rb7 Rb8 40. Rd7
Re8 1/2-1/2

[Event "Millionaire Chess Open 2014"]
[Site "Las Vegas USA"]
[Date "2014.10.09"]
[Round "2.12"]
[White "Kacheishvili, Giorgi"]
[Black "Arngrimsson, Dagur"]
[Result "1/2-1/2"]
[WhiteTitle "GM"]
[BlackTitle "IM"]
[WhiteElo "2597"]
[BlackElo "2376"]
[WhiteFideId "13600613"]
[BlackFideId "2301288"]
[EventDate "2014.10.09"]

1. c4 e6 2. Nf3 d5 3. g3 Nf6 4. Bg2 Be7 5. O-O O-O 6. d4 c6 7. Qc2 Nbd7 8. Rd1
b6 9. b3 Bb7 10. Nc3 Rc8 11. e4 dxe4 12. Ng5 Re8 13. Ngxe4 Nf8 14. h4 Nxe4 15.
Nxe4 f5 16. Ng5 Bf6 17. Nf3 c5 18. dxc5 Be4 19. Qe2 Qe7 20. Bb2 Bxb2 21. Qxb2
Rxc5 22. Ne1 Bxg2 23. Nxg2 Ng6 24. Re1 Qc7 25. Re2 f4 26. Qc3 Qc6 27. gxf4 b5
28. Rae1 bxc4 29. b4 Rh5 30. Re4 Nxh4 31. Nxh4 Rxh4 32. Qxc4 Qxc4 33. Rxc4 Re7
34. Kg2 Rh5 35. a4 Kf7 36. Kg3 Rd5 37. b5 Rd3+ 38. Re3 Rd1 39. Rc6 Ra1 40. Ra6
Kf6 41. Rc3 Rd1 42. Rc5 g6 43. Rc8 Rd3+ 44. f3 Rdd7 45. Ra8 1/2-1/2

[Event "Millionaire Chess Open 2014"]
[Site "Las Vegas USA"]
[Date "2014.10.09"]
[Round "2.13"]
[White "Kjartansson, Gudmundur"]
[Black "Ghaem Maghami, Ehsan"]
[Result "0-1"]
[WhiteTitle "IM"]
[BlackTitle "GM"]
[WhiteElo "2439"]
[BlackElo "2594"]
[WhiteFideId "2301318"]
[BlackFideId "12500739"]
[EventDate "2014.10.09"]

1. d4 Nf6 2. c4 e6 3. g3 c5 4. d5 exd5 5. cxd5 b5 6. f3 d6 7. e4 a6 8. a4 bxa4
9. Qxa4+ Nbd7 10. Na3 Be7 11. Nc4 O-O 12. Bf4 Ne8 13. Qa5 Qxa5+ 14. Rxa5 f5 15.
Bd3 Rb8 16. Ne2 fxe4 17. fxe4 g5 18. Bd2 Nb6 19. Ne3 Nc7 20. g4 Bf6 21. Nf5 Bxf5
22. gxf5 Nd7 23. Nc3 Ne5 24. Be2 Rxb2 25. Nd1 Rb3 26. Bxg5 Bxg5 27. Rg1 h6 28.
h4 Nf7 29. hxg5 hxg5 30. Kd2 Re8 31. Ra4 Kg7 32. Bh5 Rh8 33. Kc2 Rbb8 34. Bxf7
Rh2+ 35. Kc1 Kxf7 36. Rxg5 Nb5 37. e5 Nd4 38. Rxd4 cxd4 39. exd6 d3 40. Ne3 d2+ 0-1

[Event "Millionaire Chess Open 2014"]
[Site "Las Vegas USA"]
[Date "2014.10.10"]
[Round "3.1"]
[White "So, Wesley"]
[Black "Ramirez, Alejandro"]
[Result "1/2-1/2"]
[WhiteTitle "GM"]
[BlackTitle "GM"]
[WhiteElo "2755"]
[BlackElo "2574"]
[WhiteFideId "5202213"]
[BlackFideId "6500617"]
[EventDate "2014.10.09"]

1. d4 d5 2. c4 c6 3. Nf3 Nf6 4. Nc3 a6 5. e3 e6 6. a3 Nbd7 7. b4 Bd6 8. Bb2 O-O
9. Qc2 Re8 10. Be2 e5 11. dxe5 Nxe5 12. cxd5 cxd5 13. Nxe5 Bxe5 14. Na4 Bg4 15.
Bxe5 Rxe5 16. Bxg4 Nxg4 17. O-O Rh5 18. h3 Qd6 19. Rfc1 Qh2+ 20. Kf1 Nxe3+ 21.
fxe3 Re8 22. g4 Qh1+ 23. Kf2 Qh2+ 24. Kf1 Qh1+ 25. Kf2 Qh2+ 26. Kf1 1/2-1/2

[Event "Millionaire Chess Open 2014"]
[Site "Las Vegas USA"]
[Date "2014.10.10"]
[Round "3.2"]
[White "Felgaer, Ruben"]
[Black "Bu, Xiangzhi"]
[Result "1/2-1/2"]
[WhiteTitle "GM"]
[BlackTitle "GM"]
[WhiteElo "2577"]
[BlackElo "2710"]
[WhiteFideId "107069"]
[BlackFideId "8601445"]
[EventDate "2014.10.09"]

1. e4 e5 2. Nf3 Nf6 3. Nxe5 d6 4. Nf3 Nxe4 5. d4 d5 6. Bd3 Be7 7. O-O Nc6 8. Nc3
Nxc3 9. bxc3 Bg4 10. Re1 O-O 11. Bf4 Bh5 12. Rb1 b6 13. c4 Nb4 14. Re5 Nxd3 15.
cxd3 Bxf3 16. Qxf3 dxc4 17. Rd5 Qc8 18. dxc4 Re8 19. h3 Bf8 20. Rd1 c6 21. Re5
Rxe5 22. Bxe5 Qe6 23. Qc3 Re8 24. Bg3 Qf6 25. Qd3 Bd6 26. d5 g6 27. a4 h5 28.
Bxd6 Qxd6 29. h4 cxd5 30. cxd5 Re5 1/2-1/2

[Event "Millionaire Chess Open 2014"]
[Site "Las Vegas USA"]
[Date "2014.10.10"]
[Round "3.3"]
[White "Holt, Conrad"]
[Black "Yu, Yangyi"]
[Result "0-1"]
[WhiteTitle "GM"]
[BlackTitle "GM"]
[WhiteElo "2571"]
[BlackElo "2697"]
[WhiteFideId "2034387"]
[BlackFideId "8603820"]
[EventDate "2014.10.09"]

1. d4 Nf6 2. c4 e6 3. Nc3 Bb4 4. Qc2 d5 5. cxd5 exd5 6. Bg5 h6 7. Bh4 c5 8. dxc5
O-O 9. e3 Be6 10. Nf3 Nbd7 11. Bd3 Rc8 12. O-O Nxc5 13. Nb5 d4 14. Nxa7 Ra8 15.
Nb5 dxe3 16. Bh7+ Kh8 17. fxe3 Qb6 18. Bxf6 Qxb5 19. Bd4 Rxa2 20. Rxa2 Bxa2 21.
Ne5 Ne6 22. Rxf7 Nxd4 23. Rxf8+ Bxf8 24. exd4 Qb4 25. Nf3 Bd5 26. Be4 Bxe4 27.
Qxe4 Qxb2 28. Qf5 Qa1+ 29. Kf2 Qa2+ 30. Ke3 Kg8 31. g4 Qb3+ 32. Kf2 Qa2+ 33. Ke3
Qb3+ 34. Kf2 b5 35. g5 Qa2+ 36. Ke3 Qb3+ 37. Kf2 b4 38. g6 Qc4 39. d5 Qc5+ 40.
Kg2 Qd6 41. Qf7+ Kh8 42. Nd4 Qc5 43. Kf3 Qc3+ 44. Ke4 Qe1+ 45. Kf5 Bd6 46. Qe6
Qf1+ 47. Ke4 Qb1+ 48. Ke3 Qc1+ 49. Ke2 Qc4+ 50. Kf3 Qd3+ 51. Kg2 Qd2+ 52. Ne2
Bf8 53. Kh3 b3 54. Qe8 Qb4 55. Kg2 b2 56. Nc3 Qf4 57. h4 Qg4+ 58. Kf1 Qf3+ 59.
Kg1 h5 0-1

[Event "Millionaire Chess Open 2014"]
[Site "Las Vegas USA"]
[Date "2014.10.10"]
[Round "3.4"]
[White "Mamedov, Rauf"]
[Black "Brunello, Sabino"]
[Result "1/2-1/2"]
[WhiteTitle "GM"]
[BlackTitle "GM"]
[WhiteElo "2667"]
[BlackElo "2552"]
[WhiteFideId "13401653"]
[BlackFideId "813613"]
[EventDate "2014.10.09"]

1. c4 e5 2. Nc3 Nf6 3. g3 Nc6 4. Bg2 Bc5 5. d3 d6 6. Nf3 h6 7. O-O a6 8. a3 O-O
9. b4 Ba7 10. Bb2 Ne7 11. Rc1 Ng6 12. d4 Be6 13. dxe5 dxe5 14. Nd2 c6 15. c5 Qe7
16. Qc2 Rad8 17. Rcd1 Bb8 18. e3 Rfe8 19. Rfe1 Nf8 20. h3 N8h7 21. f4 Nh5 22.
Nce4 exf4 23. exf4 f5 24. Nd6 Bxd6 25. cxd6 Rxd6 26. Be5 Rdd8 27. Nf1 Qf7 28.
Qc3 N7f6 29. Bf3 Rxd1 30. Rxd1 Bd5 31. Kh2 Bxf3 32. Qxf3 Nd5 33. Nd2 Nhf6 34.
Rc1 Nd7 35. Nc4 Nxe5 36. Nxe5 Qe6 37. Re1 Nf6 38. Qd3 Qd5 39. Qxd5+ Nxd5 40. Kg2
g5 41. Kf3 Kg7 42. Re2 Re7 43. Rd2 Kf6 44. Re2 gxf4 45. gxf4 Rg7 46. Nd3 Rg1 47.
Re8 Ra1 48. Rf8+ Kg7 49. Rxf5 Rxa3 50. Ke4 Nc3+ 51. Ke3 Rb3 52. h4 b6 53. h5 Rb1
54. Ne5 Nd5+ 55. Kd2 Rb2+ 56. Kd3 Rxb4 57. Nxc6 Nxf4+ 58. Ke3 Ng2+ 59. Kd3 Rf4
60. Re5 Rf6 61. Nd4 Nf4+ 62. Ke4 Kf7 63. Nf5 Nxh5 64. Re7+ Kf8 65. Ra7 Re6+ 66.
Kf3 b5 67. Nd4 Rf6+ 68. Ke4 Ng7 69. Nf3 Kg8 70. Ne5 Rb6 71. Kd5 Nf5 72. Ra8+ Kg7
73. Ra7+ Kg8 74. Ra8+ Kg7 75. Ra7+ Kg8 76. Ra8+ 1/2-1/2

[Event "Millionaire Chess Open 2014"]
[Site "Las Vegas USA"]
[Date "2014.10.10"]
[Round "3.5"]
[White "Kulaots, Kaido"]
[Black "Shankland, Samuel L"]
[Result "1/2-1/2"]
[WhiteTitle "GM"]
[BlackTitle "GM"]
[WhiteElo "2564"]
[BlackElo "2633"]
[WhiteFideId "4500261"]
[BlackFideId "2004887"]
[EventDate "2014.10.09"]

1. e4 c5 2. Nf3 d6 3. d4 cxd4 4. Nxd4 Nf6 5. Nc3 a6 6. Be2 e6 7. Be3 Qc7 8. a4
b6 9. f4 Bb7 10. Bf3 Nbd7 11. Qe2 Be7 12. O-O O-O 13. Bf2 Rfe8 14. g4 Nc5 15. e5
Nd5 16. Nxd5 exd5 17. e6 Bf6 18. exf7+ Qxf7 19. Qd1 Ne4 20. g5 Bxd4 21. Bxd4
Qxf4 22. Bxe4 Qxe4 23. Ra3 Bc8 24. Re3 Qg4+ 25. Qxg4 Bxg4 26. Rfe1 Rxe3 27. Rxe3
Rf8 28. h3 Bf5 29. Re7 Rf7 30. Re8+ Rf8 31. Re7 Rf7 32. Re8+ 1/2-1/2

[Event "Millionaire Chess Open 2014"]
[Site "Las Vegas USA"]
[Date "2014.10.10"]
[Round "3.6"]
[White "Margvelashvili, Giorgi"]
[Black "Gareev, Timur"]
[Result "1/2-1/2"]
[WhiteTitle "GM"]
[BlackTitle "GM"]
[WhiteElo "2540"]
[BlackElo "2612"]
[WhiteFideId "13602926"]
[BlackFideId "14200937"]
[EventDate "2014.10.09"]

1. Nf3 d5 2. d4 Nf6 3. c4 e6 4. Nc3 dxc4 5. e4 Bb4 6. Bg5 c5 7. Bxc4 cxd4 8.
Nxd4 Qa5 9. Bd2 Qc5 10. Bb5+ Bd7 11. Nb3 Qb6 12. Bd3 Nc6 13. O-O Ne5 14. Be2 Bc6
15. Be3 Qc7 16. Nb5 Qb8 17. f3 O-O 18. Qd4 a5 19. Rfd1 Be7 20. a4 Nfd7 21. Bd2
b6 22. Qf2 Nc5 23. Nxc5 Bxc5 24. Be3 Bxe3 25. Qxe3 Bxb5 26. Bxb5 Ra7 27. Qd4 g5
28. Rac1 h6 29. Qd6 Kg7 30. Kf2 Kf6 31. g3 Qxd6 32. Rxd6 Rb8 33. f4 Ng4+ 34. Ke2
gxf4 35. gxf4 Nxh2 36. Rh1 Ke7 37. e5 Ng4 38. Kf3 Nf6 39. Rxh6 Nd7 40. Rh7 Nf6
41. Rg7 Ng8 42. f5 exf5 43. Rdg6 Rf8 44. Rxb6 Rc7 45. b3 Rd8 46. Bc4 Kf8 47.
Rbg6 Nh6 48. e6 Rxc4 49. bxc4 Rd3+ 50. Ke2 fxg6 51. e7+ Kxg7 52. e8=Q Rh3 53.
Qe5+ Kf7 54. c5 Ng4 55. Qd5+ Kf6 56. Qd6+ Kg5 57. c6 f4 58. Qe7+ Kf5 59. c7 f3+
60. Kd2 Rh2+ 61. Kc3 Rh8 62. Qd7+ 1/2-1/2

[Event "Millionaire Chess Open 2014"]
[Site "Las Vegas USA"]
[Date "2014.10.10"]
[Round "3.7"]
[White "Ghaem Maghami, Ehsan"]
[Black "Chirila, Ioan-Cristian"]
[Result "1/2-1/2"]
[WhiteTitle "GM"]
[BlackTitle "GM"]
[WhiteElo "2594"]
[BlackElo "2529"]
[WhiteFideId "12500739"]
[BlackFideId "1211668"]
[EventDate "2014.10.09"]

1. Nf3 Nf6 2. c4 g6 3. Nc3 d5 4. cxd5 Nxd5 5. Qb3 Nb6 6. d4 Bg7 7. Bf4 Be6 8.
Qc2 Nc6 9. Rd1 Nb4 10. Qb1 N4d5 11. Be5 Nxc3 12. bxc3 Bxe5 13. Nxe5 Qd5 14. e4
Qa5 15. Qb2 O-O 16. d5 c6 17. Nxc6 bxc6 18. dxe6 fxe6 19. Be2 Na4 20. Qb4 Qxb4
21. cxb4 Nc3 22. Rd4 a5 23. bxa5 Rxa5 24. Bc4 Kf7 25. Rd3 Nxe4 26. Re3 Nc5 27.
O-O Ra4 28. Rc1 Rd8 29. h3 Rd6 30. Rc2 Kf6 1/2-1/2

[Event "Millionaire Chess Open 2014"]
[Site "Las Vegas USA"]
[Date "2014.10.10"]
[Round "3.9"]
[White "Lenderman, Aleksandr"]
[Black "Stopa, Jacek"]
[Result "1-0"]
[WhiteTitle "GM"]
[BlackTitle "IM"]
[WhiteElo "2589"]
[BlackElo "2515"]
[WhiteFideId "2021285"]
[BlackFideId "1119591"]
[EventDate "2014.10.09"]

1. d4 d5 2. c4 e5 3. dxe5 d4 4. Nf3 Nc6 5. a3 Nge7 6. Nbd2 Ng6 7. Nb3 Be7 8.
Nbxd4 Ncxe5 9. Nxe5 Nxe5 10. e3 O-O 11. Qc2 c5 12. Nf5 g6 13. Nxe7+ Qxe7 14. Be2
Re8 15. O-O Bf5 16. e4 Nc6 17. exf5 Nd4 18. Qd3 Qxe2 19. Qxe2 Nxe2+ 20. Kh1 gxf5
21. Be3 f4 22. Bxc5 Rec8 23. Be7 Rxc4 24. Rad1 Rac8 25. g3 f3 26. Bg5 R4c5 27.
h4 R8c6 28. Rd3 Rc2 29. Rxf3 Nd4 30. Rd3 Ne6 31. Bf6 h5 32. Bc3 f5 33. Rd7 1-0